| 000 | 01116nam a22002657a 4500 | ||
|---|---|---|---|
| 001 | BD-DhSAU 7469 | ||
| 003 | BD-DhSAU | ||
| 005 | 20230413100552.0 | ||
| 008 | 150422b2006 bg ||||| m||m 00| 0 eng d | ||
| 040 | _aBD-DhSAU | ||
| 082 |
_222 _a338.1 _bR6699 |
||
| 100 |
_aRONY, MARJIA AKTER _eRegistration No. # 15-06857 |
||
| 245 |
_aProfitability and technical efficiency of boro rice cultivation in some selected areas of netrokona district / _bMS thesis |
||
| 260 |
_aSher-e- Bangla Agricultural University: _bDepartment of Agricultural Economics, _c2021. |
||
| 300 |
_aix, 59 p.: _b30 cm. |
||
| 500 | _aMS thesis of Department of Agricultural Economics, Faculty of Agri Business , Sher-e-Bangla Agricultural University, Dhaka, Bangladesh | ||
| 590 | _aNamul | ||
| 650 | _atechnical efficiency | ||
| 651 | _aboro rice cultivation | ||
| 654 | _anetrokona district | ||
| 700 |
_aProf. Dr. Rokeya Begum _eSuperviser |
||
| 700 |
_aAssico. Prof. Dr. Ripon Kumar Mondal _eCo-Superviser |
||
| 856 | _uhttp://archive.saulibrary.edu.bd:8080/xmlui/handle/123456789/4867 | ||
| 942 |
_2ddc _cTHESIS |
||
| 999 |
_c16780 _d16779 |
||